| 000 | 00824cam a2200229 4500 | ||
|---|---|---|---|
| 001 | J63626 | ||
| 008 | 000000n2001 000 0 eng u | ||
| 035 | _a(Sirsi) u111051 | ||
| 041 | _aeng | ||
| 050 | _a692.8 | ||
| 110 |
_aJoint Contracts Tribunal _93664 |
||
| 245 | _aStandard Form of Building Contract 1998 - Practice note 4 (series 2) - Partnering | ||
| 260 |
_aLondon _bRIBA _c2001 |
||
| 300 | _a12p. ; 30cm. | ||
| 490 |
_aJCT Practice Note _v4 (Series 2) |
||
| 650 | _aBUILT ENVIRONMENT-BUILDING CONTRACT FORMS | ||
| 650 | _aJCT STANDARD FORM OF BUILDING CONTRACT (1998 EDITION) | ||
| 650 | _aPRACTICE NOTES | ||
| 650 | _aBUILT ENVIRONMENT-BUILDING CONTRACT FORMS-STANDARD FORMS OF BUILDING CONTRACT-JOINT CONTRACTS TRIBNUAL CONTRACTS | ||
| 690 | _aBUILT ENVIRONMENT-BUILDING CONTRACT FORMS | ||
| 942 | _n0 | ||
| 999 |
_c101185 _d101185 |
||